| 000 | 01224cac a22002771u 4500 | ||
|---|---|---|---|
| 090 | _c6272 | ||
| 008 | 081113t1995xxu||||| |||| 00| 0 eng d | ||
| 010 | _a94017702 | ||
| 020 | _a0256140642 | ||
| 082 | 0 | 0 |
_a651.7 _bLOC _220 |
| 100 | _aLocker, Kitty O. | ||
| 245 | 1 | 0 |
_aBusiness And Administrative Communication / _cKitty O. Locker. |
| 246 | 3 | 0 | _aCommunication |
| 250 | _a3rd ed. | ||
| 260 |
_aChicago : _bIrwin, _cc1995. |
||
| 260 | _bDistributer: Al-Ahram | ||
| 300 |
_axviii, 696 p. : _bill. (some col.), maps (some col.) ; _c27 cm. |
||
| 500 | _a"Quick reference" on [2] p. inserted. | ||
| 504 | _aIncludes bibliographical references (p. 655-664) and indexes. | ||
| 650 | 0 | _aBusiness communication. | |
| 650 | 0 | _aCommunication in management. | |
| 942 |
_cNB _k651.7LOC _2ddc |
||
| 999 |
_c6272 _d6272 |
||